000
00294nam a22001217a 4500
020
_a
9789380090030
082
_a
333.794 SIN
100
_a
SINHA, PRABHAS C
_9
64541
245
_a
HANDBOOK OF ALTERNATE ENERGY
260
_a
NEW DELHI
_b
SBS PUBLISHERS
_c
2009
300
_a
XXII, 698P
942
_c
BK
999
_c
572997
_d
572997